'N' Pictures by Category Quiz Stats

Quiz Updated Sep 27, 2014

Challenge
Share
Tweet
Score 0/25 Timer 04:00
9 Plays Today
picture name % Correct
LogosNike
98.5%
FoodNachos
94.4%
NBC
92.6%
NBA
88.7%
Napping
87.1%
Nectarine
85.8%
PlacesNiagara Falls
83.9%
CelebritiesChuck Norris
79%
New Balance
77.4%
North Pole
76.5%
Jack Nicholson
73.8%
Bill Nye
72%
Neapolitan Ice Cream
71.8%
picture name % Correct
Liam Neeson
67.5%
Nudging
66.4%
Normandy
65.7%
Nintendo 64
65.4%
Nuzzling
60.7%
Olivia Newton-John
60.7%
Notre Dame Cathedral
59.1%
Navigating
57.7%
VerbsNursing
57.2%
Nutmeg
55.6%
Naan bread
50.6%
Namibia
49.9%

You're not logged in!

Compare scores with friends on all Sporcle quizzes.
Join for Free
OR
Log In

You Might Also Like...

Show Comments

Extras

Top Quizzes Today


Score Distribution

Your Account Isn't Verified!

In order to create a playlist on Sporcle, you need to verify the email address you used during registration. Go to your Sporcle Settings to finish the process.

Report this User

Report this user for behavior that violates our Community Guidelines.

Details: